000 00377nam a2200133Ia 4500
008 150202s9999 xx 000 0 und d
020 _a439358078
050 _aFIC
_bFIC
100 _aRowling J.K.
245 _aHarry Potter and the order of the Phoenix /
_cJ.K. Rowling.
260 _aNew York :
_bLevine Books,
_c2003.
300 _a870 pages :
_c23 cm.
650 _aFiction.
999 _c282365
_d282365